LEADER 01082nam a2200265 i 4500 001 000000151928 003 CaOOAMICUS 005 20060718000000.0 008 060718s1949 it u000 u ita u 013 $a129269 040 $aSeMil$bita 100 1 $aVerdinois, Federigo,$d<1844-1927>.$0(OLS)http://semarc/name/59674 245 10$aProfili letterari e ricordi giornalistici /$cFederigo Verdinois ; a cura di Elena Craveri Croce. 260 $aFirenze :$bLe Monnier,$c1949. 300 $a283 p., [1] c. di tav. ;$c17 cm. 490 0 $aCollezione in ventiquattresimo 500 $aFondo Ciprandi. 700 1 $aCraveri Croce, Elena.$0(OLS)http://semarc/name/36849 830 0$aCollezione in ventiquattresimo.$0(OLS)http://semarc/title/12836 850 $aSeMil 852 $aSeMil$W1$xVenegono$y1$m1W I 265$j103907$B103907$CSeMilBibl$Z2$F112957 $81 941 1 $a1 961 $aOmaggio: Ciprandi dott. Paolo 996 $6245$aProfili letterari e ricordi giornalistici$9(OLS)http://semarc/title/222082 996 $6260$aFirenze :$bLe Monnier$9(OLS)http://semarc/publisher/30060 LEADER 01124nam a2200229 i 4500 001 000000213623 003 CaOOAMICUS 005 20230414101240.0 008 120531s1825 it u000 u ita u 026 $ar-er soii paon side (7) 1825 (A) 040 $aSeMil$bita 100 1 $aPolybius,$d.$0(OLS)http://semarc/name/9202 245 10$aTomo 3. 300 $a404, [4] p., [5] carte di tav. ripieg. :$bc. geogr. 490 0 $aCollana degli antichi storici greci volgarizzati 773 0 $aPolybius $tStorie di Polibio da Megalopoli volgarizzate sul testo greco dello Schweighauser e corredate di note dal dottore I. Kohen da Trieste. Tomo 1. [-8.].$dMilano : Dalla tipografia de' fratelli Sonzogno, 1824-1842.$kCollana degli antichi storici greci volgarizzati$g3$w()26853 830 0$aCollana degli antichi storici greci volgarizzati.$0(OLS)http://semarc/title/35953 850 $aSeMil 852 $aSeMil$W1$xVenegono$y1$m1Z V 222 FA$j164051$B164051$CSeMilBibl$Z2$F175089 $8I 961 $aRecupero: Altro 996 $6245$aTomo 3$9(OLS)http://semarc/title/53129